Thế giới nghệ thuật truyện Đường rừng của Lan Khai

Lan Khai - Nhà văn của "Xứ đồng rừng"; Đặc điểm hình tượng nhân vật trong "Truyện đường rừng" của Lan Khai; Thế giới "Đồng rừng" trong truyện Lan Khai...

Spremljeno u:
Bibliografski detalji
Glavni autor: Nguyễn Thị Mỵ
Daljnji autori: Nguyễn Phong Nam PGS.TS (Hướng dẫn)
Format: Knjiga
Jezik:Vietnamese
Izdano: Đà Nẵng Đại học Đà Nẵng 2013
Teme:
Oznake: Dodaj oznaku
Bez oznaka, Budi prvi tko označuje ovaj zapis!
Thư viện lưu trữ: Mạng thư viện Đại học Đà Nẵng
LEADER 01652nam a2200349 4500
001 000019294
003 15729
005 20140416090447.0
008 140416s2013 viesd
041 |a vie 
082 1 4 |a 895.922332  |b NG-M 
100 |a Nguyễn Thị Mỵ 
245 |a Thế giới nghệ thuật truyện Đường rừng của Lan Khai  |c Nguyễn Thị Mỵ ;Nguyễn Phong Nam hướng dẫn.  |k Luận văn Thạc sĩ 
260 |a Đà Nẵng  |b Đại học Đà Nẵng  |c 2013 
300 |a 97 tr., phụ lục 3 tr.  |c 29 cm.  |e Tóm tắt 
500 |a Luận văn thạc sĩ Khoa học xã hội và nhân văn. Chuyên ngành : Văn học Việt Nam. Mã số: 60.22.34. 
520 |a Lan Khai - Nhà văn của "Xứ đồng rừng"; Đặc điểm hình tượng nhân vật trong "Truyện đường rừng" của Lan Khai; Thế giới "Đồng rừng" trong truyện Lan Khai... 
600 1 4 |a Lan Khai  |d 1906-1945  |t Đường rừng 
650 0 4 |a Tiểu thuyết  |v Luận văn tốt nghiệp  |x Nghiên cứu  |z Việt Nam 
653 |a Văn học Việt Nam 
653 |a Tiểu thuyết 
700 1 |a Nguyễn Phong Nam  |c PGS.TS  |e Hướng dẫn 
OWN |a LSP 
AVA |a UDN50  |b LSP  |d 895.922332 NG-M  |e available  |t Error 5001 Not defined in file expand_doc_bib_avail.  |f 1  |g 0  |h N  |i 0  |k 1 
999 |a From the UDN01 
AVA |a UDN50  |b LSP  |d 895.922332 NG-M  |e available  |t Error 5001 Not defined in file expand_doc_bib_avail.  |f 1  |g 0  |h N  |i 0  |k 1 
TYP |a Monograph 
TYP |a Printed language 
980 |a Mạng thư viện Đại học Đà Nẵng